| 000 | 00389cam a2200157ua 4500 | ||
|---|---|---|---|
| 041 |
_aeng _h |
||
| 082 |
_a823.308 _bMEL/MO |
||
| 100 | _aMelville, Herman . | ||
| 245 |
_aMoby Dick or the Whale / _cHerman Melville. _hTextual Documents |
||
| 260 |
_aLondon : _bGinn and co.Ltd , _c1965. |
||
| 300 | _a152 ; . | ||
| 504 | _a | ||
| 942 | _cBK | ||
| 999 |
_c1041 _d1041 |
||